Normal view
MARC view
Entry Personal Name
001 - CONTROL NUMBER
- control field: 16767
003 - CONTROL NUMBER IDENTIFIER
- control field: BD-RjUL
005 - DATE AND TIME OF LATEST TRANSACTION
- control field: 20250904094339.0
008 - FIXED-LENGTH DATA ELEMENTS
- fixed length control field: 250904|| aca||aabn | a|a d
040 ## - CATALOGING SOURCE
- Original cataloging agency: BD-RjUL
- Transcribing agency: BD-RjUL
100 ## - HEADING--PERSONAL NAME
- Personal name: Āṣif, Muḥammad,
- Titles and other words associated with a name: Ḍākṭar
670 ## - SOURCE DATA FOUND
- Source citation: Work cat.: (BD-RjUL)85635: Āṣif, Muḥammad, Ḍākṭar., نئے تناظر = Nai Tanazur /